Fourth Generation R & D : Managing Knwoledge, Technology, and Innovation /

Contenido: Introducción: la innovación en crisis. 1. La cuarto generación de investigación y desarrollo. 2. La arquitectura competitiva: el marco externo. 3. La capacidad organizacional: el marco interno. 4. El canal del conocimiento y el desarrollo del mercado. 5. Administrar el conocimiento y vent...

Полное описание

Сохранить в:
Библиографические подробности
Главный автор: Miller, William L. (autor)
Другие авторы: Morris, Langdon (autor) (autor)
Формат:
Язык:английский
Опубликовано: Nueva York, EUA : Wiley, 1999, c1999
Предметы:
Метки: Добавить метку
Нет меток, Требуется 1-ая метка записи!

MARC

LEADER 00000nam^a2200000^a^4500
001 000125881
005 20250521000000.0
009 20260310094705.134
020 |a 0-471-24093-1 
037 |a Acervo ITESO - Biblioteca 
041 |a ING 
082 |a 658. 4063  |b MIL 
100 |a Miller, William L.  |e (autor) 
245 1 0 |a Fourth Generation R & D :  |b Managing Knwoledge, Technology, and Innovation /  |c W.L. Miller, L. Morris. 
264 4 |a Nueva York, EUA :  |b Wiley,  |c 1999, c1999 
300 |a XVII, 347 p. 
336 |a texto  |b txt  |2 rdacontenido 
337 |a sin mediación  |b n  |2 rdamedio 
338 |a volumen  |b nc  |2 rdasoporte 
520 |a Contenido: Introducción: la innovación en crisis. 1. La cuarto generación de investigación y desarrollo. 2. La arquitectura competitiva: el marco externo. 3. La capacidad organizacional: el marco interno. 4. El canal del conocimiento y el desarrollo del mercado. 5. Administrar el conocimiento y ventajas financieras. 6. Arquitectura organizacional. 7. Desarrollo de la capacidad organizacional y 8. Los procesos de innovación en los negocios. 
649 |a XX 
650 |a Investigación 
650 |a Desarrollo Organizacional 
650 |a Administración 
650 |a Ciencias Administrativas 
700 |a Morris, Langdon  |e (autor) 
910 |a Fondo General 
920 |a Impresos - Libros 
930 |a Colección General 
905 |a 101 
901 |a 0500058455  |b IT1  |c ACC  |u 20250521 
902 |a https://opac.biblio.iteso.mx/vufind/Record/000125881